[Event "CYCC U12"]
[Site "Quebec CAN"]
[Date "2018.07.05"]
[Round "7.81"]
[White "Zhang, Charlie"]
[Black "Roy, Benjamin"]
[Result "1-0"]
[WhiteElo "999"]
[BlackElo "1302"]
[PlyCount "101"]
[EventDate "2018.07.02"]
[EventType "swiss"]
[EventRounds "7"]
[EventCountry "CAN"]

1. e4 e5 2. Nf3 Nc6 3. Bc4 Nf6 4. d3 Bc5 5. Nc3 d6 6. Bg5 Bg4 7. h3 Bh5 8. a3
Nd4 9. g4 Nxf3+ 10. Qxf3 Bg6 11. Nd5 Rf8 12. Nxf6+ gxf6 13. Qxf6 Qd7 14. O-O-O
a6 15. Rhg1 b5 16. Bb3 a5 17. a4 b4 18. Bd5 Ra6 19. Bc4 Rb6 20. Bb3 Bd4 21. h4
d5 22. Bxd5 Rxf6 23. Bxf6 Bxf2 24. Rh1 Qxg4 25. Rdf1 Be3+ 26. Kb1 Rg8 27. Bc6+
Kf8 28. h5 Bxh5 29. Rf5 Bg6 30. Rxe5 Qc8 31. Rxa5 h6 32. Ra8 Qxa8 33. Bxa8 h5
34. Bc6 Bf2 35. a5 Bh7 36. Rxh5 Rg6 37. Rxh7 Rxf6 38. Bb7 Bd4 39. a6 Rf1+ 40.
Ka2 Rf2 41. Rh6 Rxc2 42. Kb3 Rxb2+ 43. Kc4 Bb6 44. Rxb6 cxb6 45. a7 b5+ 46.
Kxb5 Ra2 47. a8=Q+ Rxa8 48. Bxa8 b3 49. Bd5 b2 50. Ba2 Ke7 51. Kb4 1-0

[Event "CYCC U12"]
[Site "Quebec CAN"]
[Date "2018.07.05"]
[Round "7.83"]
[White "Ripley, Noah"]
[Black "Yim, Justin"]
[Result "1-0"]
[WhiteElo "1184"]
[BlackElo "857"]
[PlyCount "67"]
[EventDate "2018.07.02"]
[EventType "swiss"]
[EventRounds "7"]
[EventCountry "CAN"]

1. d4 d5 2. Bf4 Bf5 3. e3 Nf6 4. c4 e6 5. Nc3 Nc6 6. Nf3 Bb4 7. h3 Bxc3+ 8.
bxc3 O-O 9. Bd3 Be4 10. O-O Rb8 11. Ng5 h6 12. Nxe4 Nxe4 13. Qc2 f5 14. cxd5
exd5 15. c4 Re8 16. cxd5 Qxd5 17. Bc4 Qxc4 18. Qxc4+ Kh7 19. Qd5 Ne7 20. Qa5 b6
21. Qxa7 Nd6 22. Qxc7 Rbc8 23. Qxd6 Rcd8 24. Qxb6 Nd5 25. Qc5 Nxf4 26. exf4 Re4
27. Qxf5+ g6 28. Qxe4 h5 29. Qe7+ Kh6 30. Qxd8 g5 31. Qxg5+ Kh7 32. f5 h4 33.
f6 Kh8 34. Qg7# 1-0

[Event "CYCC U12"]
[Site "Quebec CAN"]
[Date "2018.07.05"]
[Round "7.86"]
[White "Parent, Etienne"]
[Black "Tso, Kevin"]
[Result "1/2-1/2"]
[WhiteElo "1024"]
[BlackElo "634"]
[PlyCount "49"]
[EventDate "2018.07.02"]
[EventType "swiss"]
[EventRounds "7"]
[EventCountry "CAN"]

1. e4 e5 2. Nf3 Nc6 3. Bc4 Nf6 4. Ng5 d5 5. exd5 Nxd5 6. Bxd5 Qxd5 7. Nc3 Qd8
8. d3 Bb4 9. O-O h6 10. Nge4 Bxc3 11. Nxc3 f5 12. Re1 O-O 13. Qf3 Be6 14. h3
Nd4 15. Qxb7 Nxc2 16. Rxe5 Nxa1 17. Rxe6 Nc2 18. Rg6 Qe8 19. Qxc7 Qxg6 20. Nd5
Nd4 21. Ne7+ Kh7 22. Nxg6 Rfc8 23. Qd6 Ne2+ 24. Kf1 Nxc1 25. Qe6 1/2-1/2

[Event "CYCC U12"]
[Site "Quebec CAN"]
[Date "2018.07.05"]
[Round "7.89"]
[White "Yim, Warren"]
[Black "Odrcich, Evan"]
[Result "0-1"]
[WhiteElo "672"]
[BlackElo "848"]
[PlyCount "46"]
[EventDate "2018.07.02"]
[EventType "swiss"]
[EventRounds "7"]
[EventCountry "CAN"]

1. e4 e5 2. Bc4 Nf6 3. Nc3 Bc5 4. Nf3 Nxe4 5. Nxe4 d5 6. Bxd5 Qxd5 7. d3 O-O 8.
c4 Qc6 9. Nxe5 Qe6 10. Nxc5 Qxe5+ 11. Ne4 f5 12. O-O fxe4 13. dxe4 Qxe4 14. b3
Nc6 15. Re1 Qg6 16. Ba3 Bh3 17. g3 Rad8 18. Qc1 Nd4 19. Bxf8 Nf3+ 20. Kh1 Nxe1
21. Qxe1 Qc6+ 22. f3 Qxf3+ 23. Kg1 Qg2# 0-1

[Event "CYCC U12"]
[Site "Quebec CAN"]
[Date "2018.07.05"]
[Round "7.90"]
[White "Moffatt, Trenton"]
[Black "Everitt, Joseph"]
[Result "0-1"]
[WhiteElo "786"]
[BlackElo "871"]
[PlyCount "26"]
[EventDate "2018.07.02"]
[EventType "swiss"]
[EventRounds "7"]
[EventCountry "CAN"]

1. d4 Nf6 2. e3 g6 3. Qf3 Bg7 4. Qh3 d5 5. Qh4 O-O 6. g3 Bf5 7. Bh3 Bxc2 8. Na3
Be4 9. f3 Bd3 10. Kd2 Ba6 11. e4 dxe4 12. fxe4 Qxd4+ 13. Kc2 Qd3# 0-1

[Event "CYCC U12"]
[Site "Quebec CAN"]
[Date "2018.07.05"]
[Round "7.92"]
[White "Kriemadis, Noah"]
[Black "Aubin, Felix"]
[Result "1-0"]
[WhiteElo "771"]
[BlackElo "733"]
[PlyCount "43"]
[EventDate "2018.07.02"]
[EventType "swiss"]
[EventRounds "7"]
[EventCountry "CAN"]

1. Nf3 d6 2. e4 e5 3. Bc4 d5 4. Bxd5 Bc5 5. Nxe5 Qf6 6. Nf3 Bg4 7. O-O Qh6 8.
d4 Bd6 9. Bxh6 gxh6 10. Bxb7 Bxf3 11. Qxf3 f6 12. e5 fxe5 13. dxe5 Bxe5 14.
Qh5+ Kd8 15. Qxe5 Nc6 16. Bxc6 Ne7 17. Qxh8+ Ng8 18. Qxg8+ Ke7 19. Bxa8 Kd7 20.
Rd1+ Ke7 21. Qg7+ Ke8 22. Bc6# 1-0

[Event "CYCC U12 w"]
[Site "Quebec CAN"]
[Date "2018.07.02"]
[Round "1.97"]
[White "Jiang, Kate"]
[Black "Mellon-Ruel, Clarelie"]
[Result "1-0"]
[WhiteElo "1612"]
[BlackElo "1046"]
[PlyCount "85"]
[EventDate "2018.07.02"]
[EventType "swiss"]
[EventRounds "7"]
[EventCountry "CAN"]

1. e4 e5 2. Nf3 Nc6 3. Bb5 Nf6 4. O-O Be7 5. Re1 d6 6. d4 O-O 7. Bxc6 bxc6 8.
dxe5 dxe5 9. Qxd8 Rxd8 10. Nxe5 Bb7 11. Nc3 Bb4 12. Bg5 Rd6 13. Bxf6 Rxf6 14.
Nd3 Ba5 15. b4 Bb6 16. Na4 Bd4 17. c3 Ba6 18. cxd4 Bxd3 19. Nc5 Bb5 20. a4 Bc4
21. Rac1 Be6 22. Nd3 Bb3 23. Nc5 Be6 24. Na6 Bb3 25. Nxc7 Rc8 26. Nd5 Rd6 27.
Ne7+ Kf8 28. Nxc8 Rxd4 29. Nxa7 Bxa4 30. Nxc6 Rxb4 31. Nxb4 Bd7 32. Rc7 Be6 33.
Ra1 g6 34. Nc6 Kg7 35. Ne5 Kf6 36. Nf3 Kg7 37. Ng5 h6 38. Nxe6+ Kf6 39. Nf8 Kg7
40. Raa7 Kxf8 41. Rxf7+ Kg8 42. Rfd7 Kf8 43. Ra8# 1-0

[Event "CYCC U12 w"]
[Site "Quebec CAN"]
[Date "2018.07.02"]
[Round "2.97"]
[White "Qian, Jessica"]
[Black "Jiang, Kate"]
[Result "0-1"]
[WhiteElo "1257"]
[BlackElo "1612"]
[PlyCount "60"]
[EventDate "2018.07.02"]
[EventType "swiss"]
[EventRounds "7"]
[EventCountry "CAN"]

1. e4 e5 2. Nf3 Nc6 3. Bc4 Nf6 4. Ng5 d5 5. exd5 Na5 6. Bb5+ c6 7. dxc6 bxc6 8.
Be2 h6 9. Nf3 e4 10. Ne5 Bc5 11. c3 O-O 12. d4 exd3 13. Qxd3 Qc7 14. Bf4 Bd6
15. Qg3 Nd5 16. Bxh6 Bxe5 17. f4 Nxf4 18. Bxf4 Bxf4 19. Qf2 Re8 20. g3 Bh6 21.
b4 Bg4 22. Kf1 Bxe2+ 23. Kg2 Nc4 24. Re1 Bd3 25. Kh3 Qd7+ 26. g4 Rxe1 27. Qxe1
Re8 28. Qf2 Re3+ 29. Kh4 g5+ 30. Kh5 Rh3+ 0-1

[Event "CYCC U12 w"]
[Site "Quebec CAN"]
[Date "2018.07.03"]
[Round "3.95"]
[White "Gilani, Mysha"]
[Black "Shen, Isamel"]
[Result "0-1"]
[WhiteElo "1640"]
[BlackElo "1490"]
[PlyCount "152"]
[EventDate "2018.07.02"]
[EventType "swiss"]
[EventRounds "7"]
[EventCountry "CAN"]

1. d4 d5 2. c4 c6 3. Nc3 Nf6 4. e3 e6 5. Bd3 dxc4 6. Bxc4 b5 7. Bb3 Bb4 8. Bd2
O-O 9. Nf3 Nbd7 10. O-O Bb7 11. Rc1 Qb6 12. Bc2 Rac8 13. a3 Be7 14. Bd3 a6 15.
b4 Qa7 16. Qb3 Nb6 17. e4 Rfd8 18. Be3 Ba8 19. Ng5 h6 20. Nxe6 fxe6 21. Qxe6+
Kh8 22. e5 Qd7 23. Qf7 Qe8 24. Qxe8+ Nxe8 25. Ne2 Nd5 26. Ng3 Nec7 27. Bd2 Rb8
28. Nf5 Bf8 29. Nh4 Ne7 30. Be3 Ne6 31. Nf3 Bb7 32. Be4 Rbc8 33. Rfd1 Re8 34.
Nh4 Rc7 35. Ng6+ Nxg6 36. Bxg6 Rd8 37. Bf5 Bc8 38. Bxe6 Bxe6 39. d5 Rxd5 40.
Rxd5 Bxd5 41. f4 Rf7 42. g3 h5 43. Rf1 g6 44. Bd4 Kg8 45. Re1 Be6 46. Rc1 Rc7
47. Bb6 Rc8 48. Bd4 Bd5 49. Bb2 Kf7 50. Kf2 Ke6 51. Ke3 Kf5 52. Rd1 Ke6 53. Rc1
c5 54. bxc5 Bxc5+ 55. Kd2 Bc4 56. Rh1 Rd8+ 57. Kc2 Rd3 58. Ra1 Rf3 59. Rc1 Bxa3
60. Bxa3 Rxa3 61. Kb1 Rd3 62. Rc2 a5 63. Ka1 a4 64. Kb2 a3+ 65. Kb1 Rd1+ 66.
Rc1 a2+ 67. Kb2 Rxc1 68. Kxc1 a1=Q+ 69. Kc2 Qd4 70. f5+ gxf5 71. g4 Qd3+ 72.
Kb2 b4 73. gxf5+ Kxf5 74. e6 Qc3+ 75. Kb1 Bd3+ 76. Ka2 Qa3# 0-1

[Event "CYCC U12 w"]
[Site "Quebec CAN"]
[Date "2018.07.03"]
[Round "3.96"]
[White "Jiang, Kate"]
[Black "He, Jiaqi"]
[Result "1-0"]
[WhiteElo "1612"]
[BlackElo "1283"]
[PlyCount "65"]
[EventDate "2018.07.02"]
[EventType "swiss"]
[EventRounds "7"]
[EventCountry "CAN"]

1. e4 c5 2. c3 Nc6 3. d4 cxd4 4. cxd4 d6 5. Nc3 g6 6. Nf3 Bg7 7. Be3 e6 8. Bc4
Nf6 9. Bd3 O-O 10. O-O Nb4 11. a3 Nxd3 12. Qxd3 b6 13. Bg5 a5 14. Qe3 Re8 15.
e5 dxe5 16. dxe5 Nd5 17. Nxd5 Qxd5 18. Bh6 Bh8 19. Qxb6 Bxe5 20. Rad1 Bxh2+ 21.
Nxh2 Qe4 22. Rd4 Qb7 23. Rd8 Qe7 24. Rxe8+ Qxe8 25. Qd4 e5 26. Re1 f6 27. Qb6
Ra6 28. Qc7 Qd7 29. Qc5 Qe8 30. Rd1 Be6 31. Qc7 Ra7 32. Qxa7 Bf7 33. Qc7 1-0

[Event "CYCC U12 w"]
[Site "Quebec CAN"]
[Date "2018.07.03"]
[Round "3.97"]
[White "Vozian, Emilia"]
[Black "Tsukerman, Julia"]
[Result "0-1"]
[WhiteElo "1045"]
[BlackElo "1629"]
[PlyCount "78"]
[EventDate "2018.07.02"]
[EventType "swiss"]
[EventRounds "7"]
[EventCountry "CAN"]

1. e4 c5 2. b3 Nc6 3. Bb2 d6 4. f4 e6 5. Nf3 Nf6 6. d3 Be7 7. Nbd2 O-O 8. Qe2
Nb4 9. Qd1 Bd7 10. Be2 b5 11. O-O Ng4 12. a3 Ne3 13. Qc1 Nxf1 14. Nxf1 Nc6 15.
Ng3 Qb6 16. c4 bxc4 17. bxc4 Nd4 18. Bxd4 cxd4 19. e5 Rab8 20. exd6 Bxd6 21.
Nh4 Be7 22. Nf3 Rfe8 23. Ne5 Ba4 24. f5 exf5 25. Nxf5 Bf6 26. Nxf7 Rxe2 27. Kf1
Qb2 28. Qxb2 Rbxb2 29. N7d6 Rf2+ 30. Kg1 Rxg2+ 31. Kh1 Bc6 32. Ne4 Rxh2+ 33.
Kg1 Bxe4 34. dxe4 d3 35. Rd1 Rhc2 36. Ne3 Bd4 37. Kf1 Bxe3 38. Ke1 Rh2 39. Rd2
Rh1# 0-1

[Event "CYCC U12 w"]
[Site "Quebec CAN"]
[Date "2018.07.03"]
[Round "3.98"]
[White "Wang, Rachel"]
[Black "Liao, Yilin"]
[Result "1-0"]
[WhiteElo "1378"]
[BlackElo "1346"]
[PlyCount "57"]
[EventDate "2018.07.02"]
[EventType "swiss"]
[EventRounds "7"]
[EventCountry "CAN"]

1. e4 d5 2. exd5 Qxd5 3. Nc3 Qa5 4. d4 Nf6 5. Bd2 c6 6. Nf3 Qc7 7. h3 Bf5 8.
Bc4 e6 9. Ne5 Bd6 10. Bf4 Nbd7 11. Qe2 O-O 12. O-O Rfe8 13. Rad1 Bxe5 14. dxe5
Nd5 15. Bxd5 exd5 16. Rfe1 f6 17. Bg3 Nxe5 18. f4 Nc4 19. Qxe8+ Rxe8 20. Rxe8+
Kf7 21. Rde1 Qb6+ 22. Bf2 Qxb2 23. g4 Be4 24. Nxe4 Kxe8 25. Nxf6+ Kf7 26. Nxh7
Qxc2 27. Ng5+ Kf8 28. Bc5+ Nd6 29. Bxd6+ 1-0

[Event "CYCC U12 w"]
[Site "Quebec CAN"]
[Date "2018.07.03"]
[Round "3.99"]
[White "Fan, Elaine"]
[Black "Qian, Jessica"]
[Result "0-1"]
[WhiteElo "1058"]
[BlackElo "1257"]
[PlyCount "114"]
[EventDate "2018.07.02"]
[EventType "swiss"]
[EventRounds "7"]
[EventCountry "CAN"]

1. e4 e5 2. Nf3 Nc6 3. Bc4 Nf6 4. d3 Be7 5. O-O d6 6. a3 a6 7. Nc3 Bg4 8. h3
Bxf3 9. Qxf3 Nd4 10. Qd1 b5 11. Ba2 c6 12. Ne2 Nxe2+ 13. Qxe2 O-O 14. c3 Qc7
15. d4 exd4 16. cxd4 d5 17. exd5 cxd5 18. Bg5 Qd7 19. Qf3 Rfd8 20. Rfe1 h6 21.
Be3 Ne4 22. Bc1 Bf6 23. Qd3 Bh4 24. Rf1 Qf5 25. f3 Ng3 26. Qxf5 Nxf5 27. Rd1
Bf6 28. b4 Bxd4+ 29. Kf1 Bxa1 30. Bxd5 Ne7 31. Bb3 Rxd1+ 32. Bxd1 Rd8 33. Be2
Nf5 34. Kf2 Bd4+ 35. Ke1 Ng3 36. Bf1 Re8+ 37. Kd2 Nxf1+ 38. Kd3 Rd8 39. Ke2
Ng3+ 40. Ke1 Re8+ 41. Kd2 Be3+ 42. Kd1 Rd8+ 43. Kc2 Rc8+ 44. Kd3 Bxc1 45. Kd4
Bxa3 46. Ke5 Bxb4 47. Kf4 Ne2+ 48. Ke3 Nc1 49. Kd4 a5 50. Kd5 a4 51. Ke5 a3 52.
Kf4 a2 53. Kg3 a1=Q 54. Kh2 Bd6+ 55. g3 Rc2+ 56. Kh1 Ne2+ 57. Kg2 Nd4# 0-1

[Event "CYCC U12 w"]
[Site "Quebec CAN"]
[Date "2018.07.03"]
[Round "3.100"]
[White "Li, Mengbai"]
[Black "Surya, Dania"]
[Result "0-1"]
[WhiteElo "794"]
[BlackElo "1211"]
[PlyCount "88"]
[EventDate "2018.07.02"]
[EventType "swiss"]
[EventRounds "7"]
[EventCountry "CAN"]

1. e4 d5 2. exd5 Qxd5 3. Nc3 Qa5 4. Nf3 Bg4 5. h3 Bh5 6. Be2 Nf6 7. O-O Nc6 8.
Re1 O-O-O 9. a3 e6 10. d3 Qc5 11. b4 Qxc3 12. Bd2 Qb2 13. c3 Bxf3 14. gxf3 e5
15. f4 exf4 16. Bxf4 Qxc3 17. b5 Nd4 18. Rc1 Nxe2+ 19. Qxe2 Qa5 20. Rc2 Bd6 21.
Bxd6 Rxd6 22. Qe5 Re6 23. Qf5 Qxe1+ 24. Kg2 Qe5 25. Qxe5 Rxe5 26. Rc4 Rxb5 27.
Ra4 a6 28. d4 Rd5 29. Kf3 Re8 30. Kg2 Re4 31. Kf3 Rexd4 32. Rxd4 Rxd4 33. Ke3
Rd5 34. Kf4 c5 35. Ke3 c4 36. Ke2 c3 37. Kf3 c2 38. Ke2 c1=Q 39. Kf3 Qxa3+ 40.
Kf4 Rd4+ 41. Kf5 Qf3+ 42. Ke5 Re4+ 43. Kd6 Qd3+ 44. Kc5 Rc4+ 0-1

[Event "CYCC U12 w"]
[Site "Quebec CAN"]
[Date "2018.07.03"]
[Round "3.101"]
[White "Mellon-Ruel, Clarelie"]
[Black "Beaulne, Ilianna"]
[Result "1-0"]
[WhiteElo "1046"]
[BlackElo "765"]
[PlyCount "33"]
[EventDate "2018.07.02"]
[EventType "swiss"]
[EventRounds "7"]
[EventCountry "CAN"]

1. d4 e5 2. dxe5 Bc5 3. Nf3 g5 4. Bxg5 f6 5. exf6 Bb4+ 6. c3 Ba5 7. Qb3 d5 8.
f7+ Kxf7 9. Bxd8 h5 10. Qxd5+ Ke8 11. Qe5+ Kxd8 12. Qxh8 Be6 13. Na3 Bb6 14.
O-O-O+ Ke8 15. Ng5 Bxa2 16. c4 Bxf2 17. Qxg8+ 1-0

[Event "CYCC U12 w"]
[Site "Quebec CAN"]
[Date "2018.07.03"]
[Round "3.102"]
[White "Boucher, Anne-Marie"]
[Black "Pobereshnikova, Faina"]
[Result "0-1"]
[WhiteElo "820"]
[BlackElo "1009"]
[PlyCount "84"]
[EventDate "2018.07.02"]
[EventType "swiss"]
[EventRounds "7"]
[EventCountry "CAN"]

1. e4 e5 2. Nf3 Nc6 3. Bb5 Bc5 4. O-O d6 5. Nc3 a6 6. Ba4 b5 7. Bb3 Nf6 8. Ng5
O-O 9. d3 h6 10. Nf3 Be6 11. Bxe6 fxe6 12. Be3 Ba7 13. d4 exd4 14. Nxd4 Nxd4
15. Bxd4 e5 16. Be3 Bxe3 17. fxe3 c6 18. h3 b4 19. Ne2 Nxe4 20. Qe1 a5 21. Ng3
Qh4 22. Nxe4 Qxe4 23. Qg3 Qxc2 24. Rab1 Rae8 25. Qg4 Rxf1+ 26. Rxf1 d5 27. Qh5
Rf8 28. Qxe5 Rxf1+ 29. Kxf1 Qe4 30. Qb8+ Kh7 31. a3 Qb1+ 32. Kf2 Qxb2+ 33. Kf3
Qxa3 34. Qd6 Qa2 35. Qxc6 b3 36. Qxd5 Qb1 37. Qxa5 b2 38. Qc3 Qf1+ 39. Kg3 b1=Q
40. e4 Qb8+ 41. e5 Qbf8 42. e6 Q8f4# 0-1

[Event "CYCC U12 w"]
[Site "Quebec CAN"]
[Date "2018.07.03"]
[Round "3.103"]
[White "Liao, Jody"]
[Black "Gauthier, Annie"]
[Result "1-0"]
[WhiteElo "957"]
[BlackElo "842"]
[PlyCount "41"]
[EventDate "2018.07.02"]
[EventType "swiss"]
[EventRounds "7"]
[EventCountry "CAN"]

1. e4 c6 2. d4 f6 3. Nc3 d5 4. exd5 cxd5 5. Nf3 e5 6. dxe5 Qc7 7. Nxd5 Qa5+ 8.
c3 fxe5 9. Nxe5 Bf5 10. Bc4 Nd7 11. Nxd7 Bxd7 12. O-O O-O-O 13. b4 Qa4 14. Qf3
Qc2 15. Be3 Qg6 16. Bxa7 Re8 17. Rfe1 Bd6 18. Rxe8+ Bxe8 19. Qh3+ Bd7 20. Nb6+
Kd8 21. Qxd7# 1-0

[Event "CYCC U12 w"]
[Site "Quebec CAN"]
[Date "2018.07.03"]
[Round "4.95"]
[White "Shen, Isamel"]
[Black "Jiang, Kate"]
[Result "1/2-1/2"]
[WhiteElo "1490"]
[BlackElo "1612"]
[PlyCount "136"]
[EventDate "2018.07.02"]
[EventType "swiss"]
[EventRounds "7"]
[EventCountry "CAN"]

1. e4 e5 2. Nf3 Nc6 3. Bb5 a6 4. Ba4 Nf6 5. O-O Be7 6. d3 b5 7. Bb3 d6 8. c3
O-O 9. Bg5 h6 10. Bh4 Na5 11. Bc2 c5 12. Nbd2 Nh7 13. Bg3 Bg4 14. Qc1 Ng5 15.
Nxg5 Bxg5 16. f4 exf4 17. Bxf4 d5 18. exd5 Qxd5 19. Bxg5 Qxg5 20. Ne4 Qd5 21.
Qxh6 Qxe4 22. Qh4 Qe3+ 23. Kh1 Be6 24. Rf3 Qe2 25. Rf2 Qg4 26. Qe7 c4 27. d4
Nc6 28. Qc5 Nb8 29. Bh7+ Kxh7 30. Qxf8 Qe4 31. Raf1 Nd7 32. Qd6 Nf6 33. Qg3 Ng4
34. Qh4+ Kg8 35. Rf4 Qe2 36. Re1 Qd2 37. Ref1 Ne3 38. R4f2 Qd3 39. Re1 Bd5 40.
Qg5 Bxg2+ 41. Rxg2 Nxg2 42. Qxg2 Rd8 43. Qe2 Qf5 44. Qe4 Qf2 45. Qe2 Qf6 46.
Qe4 b4 47. Qe2 bxc3 48. bxc3 Qc6+ 49. Qe4 Qa4 50. Qe2 Rc8 51. Kg1 Qa5 52. Qd2
Rd8 53. Kh1 Qd5+ 54. Qg2 Qa5 55. Qd2 Rb8 56. Qc2 Qb6 57. Qe2 Qc6+ 58. Kg1 Qg6+
59. Kh1 Qc6+ 60. Kg1 Qa4 61. Kh1 Qa5 62. Qxc4 Qb6 63. Qd3 Qc6+ 64. d5 Qb7 65.
c4 Rd8 66. Rb1 Qc7 67. Re1 Qa5 68. Re2 Qc5 1/2-1/2

[Event "CYCC U12 w"]
[Site "Quebec CAN"]
[Date "2018.07.03"]
[Round "4.96"]
[White "Tsukerman, Julia"]
[Black "Gilani, Mysha"]
[Result "1-0"]
[WhiteElo "1629"]
[BlackElo "1640"]
[PlyCount "131"]
[EventDate "2018.07.02"]
[EventType "swiss"]
[EventRounds "7"]
[EventCountry "CAN"]

1. e4 e5 2. Nf3 Nc6 3. Bb5 a6 4. Ba4 Nf6 5. d3 b5 6. Bb3 Be7 7. O-O d6 8. c3
O-O 9. h3 Na5 10. Bc2 c5 11. d4 Qc7 12. d5 Bd7 13. Nbd2 Rac8 14. b3 Rfe8 15.
Re1 Nb7 16. Nf1 a5 17. c4 bxc4 18. bxc4 Ra8 19. a4 Ra6 20. Bd2 Raa8 21. Re3 Bd8
22. N3h2 Kh8 23. Ng4 Nxg4 24. hxg4 Bg5 25. Rh3 Bxd2 26. Nxd2 Qd8 27. Rb1 Qc8
28. f3 Rb8 29. Qe1 Qd8 30. Qe3 Qf6 31. Kf2 Bxg4 32. Rg3 Bh5 33. Rb5 Bg6 34. Nb3
Qd8 35. Qc3 Qc7 36. Nxa5 Nxa5 37. Rxa5 Rb4 38. Rb5 Rb8 39. Rh3 R8xb5 40. cxb5
Qa5 41. Qe1 Qb6 42. Ke2 Qa7 43. Rh1 Rb2 44. Qc3 Rb4 45. Qa1 f6 46. Rb1 Rxb1 47.
Qxb1 Be8 48. b6 Qb7 49. a5 Bd7 50. Bd3 g5 51. a6 Qb8 52. b7 g4 53. a7 gxf3+ 54.
gxf3 Qxa7 55. b8=Q+ Qxb8 56. Qxb8+ Kg7 57. Qc7 Kg6 58. Qxd7 Kh6 59. Qxd6 Kg6
60. f4 exf4 61. e5+ Kh5 62. Qxf6 h6 63. Bf5 f3+ 64. Kxf3 c4 65. Qg6+ Kh4 66.
Qg4# 1-0

[Event "CYCC U12 w"]
[Site "Quebec CAN"]
[Date "2018.07.03"]
[Round "4.97"]
[White "He, Jiaqi"]
[Black "Wang, Rachel"]
[Result "1-0"]
[WhiteElo "1283"]
[BlackElo "1378"]
[PlyCount "111"]
[EventDate "2018.07.02"]
[EventType "swiss"]
[EventRounds "7"]
[EventCountry "CAN"]

1. Nf3 c5 2. e4 Nc6 3. d4 cxd4 4. Nxd4 Nf6 5. Nc3 e5 6. Ndb5 d6 7. Bg5 a6 8.
Na3 b5 9. Nd5 Be7 10. Nxe7 Qxe7 11. Qd2 Nxe4 12. Bxe7 Nxd2 13. Bxd6 Ne4 14. Rd1
Be6 15. f3 Ng5 16. c4 b4 17. Nc2 a5 18. b3 O-O-O 19. c5 Kb7 20. Bb5 f6 21. Rf1
Nf7 22. Rf2 Bf5 23. Ne3 Bg6 24. Nc4 Nxd6 25. Bxc6+ Kxc6 26. cxd6 Kb5 27. Rd5+
Kc6 28. Rxa5 Bf7 29. Rd2 Bxc4 30. bxc4 Ra8 31. Rb5 Rhd8 32. Rbd5 Ra6 33. Ke2
Kd7 34. Rb5 Rxd6 35. Rxd6+ Kxd6 36. Rxb4 Kc5 37. Rb7 Rg8 38. Kd3 h5 39. a4 g6
40. a5 Rd8+ 41. Kc3 Rd4 42. Rb5+ Kd6 43. a6 Rd1 44. Rd5+ Rxd5 45. cxd5 Kc7 46.
d6+ Kc8 47. a7 Kb7 48. d7 Kxa7 49. d8=Q Kb7 50. Qd6 f5 51. Kb4 e4 52. Kb5 e3
53. Qc6+ Ka7 54. Qc7+ Ka8 55. Kb6 e2 56. Qb7# 1-0

[Event "CYCC U12 w"]
[Site "Quebec CAN"]
[Date "2018.07.03"]
[Round "4.98"]
[White "Qian, Jessica"]
[Black "Mellon-Ruel, Clarelie"]
[Result "1-0"]
[WhiteElo "1257"]
[BlackElo "1046"]
[PlyCount "109"]
[EventDate "2018.07.02"]
[EventType "swiss"]
[EventRounds "7"]
[EventCountry "CAN"]

1. e4 g6 2. d4 Bg7 3. Nf3 d6 4. Nc3 Nf6 5. Bg5 O-O 6. e5 dxe5 7. dxe5 Qxd1+ 8.
Rxd1 Re8 9. Be2 Ng4 10. Bf4 Nc6 11. Bb5 a6 12. Bxc6 bxc6 13. h3 Bh6 14. Bg3 Ne3
15. fxe3 Bxe3 16. Bf2 Bf4 17. O-O f6 18. exf6 exf6 19. Rfe1 Bf5 20. Nd4 Bxc2
21. Nxc2 Be5 22. Bd4 c5 23. Bxc5 Rab8 24. Ba3 c5 25. Ne4 c4 26. Nd6 Red8 27.
Nxc4 Bg3 28. Rf1 f5 29. Bd6 Bxd6 30. Rxd6 Re8 31. Re1 Rec8 32. N2e3 f4 33. Nb6
Re8 34. Nd7 Rxe3 35. Rxe3 fxe3 36. Nxb8 Kf7 37. Kf1 Ke7 38. Rxa6 Kd8 39. Nc6+
Kc7 40. Nb4 e2+ 41. Kxe2 Kb7 42. a4 Kc7 43. Kd3 Kb7 44. Kc4 Kc7 45. Kb5 Kb7 46.
g3 Kc7 47. Rc6+ Kd7 48. a5 Ke7 49. a6 Kf7 50. a7 Kg7 51. a8=Q Kh6 52. Qf8+ Kh5
53. Rc5+ g5 54. Qf7+ Kh6 55. Rc6# 1-0

[Event "CYCC U12 w"]
[Site "Quebec CAN"]
[Date "2018.07.03"]
[Round "4.99"]
[White "Surya, Dania"]
[Black "Fan, Elaine"]
[Result "1-0"]
[WhiteElo "1211"]
[BlackElo "1058"]
[PlyCount "105"]
[EventDate "2018.07.02"]
[EventType "swiss"]
[EventRounds "7"]
[EventCountry "CAN"]

1. e4 e5 2. Nf3 Nc6 3. Bc4 Bc5 4. c3 Nf6 5. d3 d6 6. h3 O-O 7. Bg5 h6 8. Bh4 g5
9. Nxg5 hxg5 10. Bxg5 Kg7 11. Qf3 Rg8 12. Qg3 Kf8 13. Qh4 Rxg5 14. Qxg5 Bxf2+
15. Ke2 Bb6 16. Rf1 d5 17. exd5 Nxd5 18. Qxd8+ Nxd8 19. Bxd5 c6 20. Be4 Ne6 21.
h4 Nf4+ 22. Kf3 f5 23. g3 Ng6 24. Ke2 Ne7 25. g4 f4 26. g5 Nf5 27. Bxf5 Bxf5
28. d4 Re8 29. Kd2 exd4 30. Rxf4 dxc3+ 31. Kxc3 Re3+ 32. Kd2 Rd3+ 33. Ke2 Re3+
34. Kf1 Re5 35. Nc3 Kg7 36. Kg2 Bg6 37. Kg3 Bc7 38. Kg4 Re3 39. Rf3 Bh5+ 40.
Kxh5 Rxf3 41. Rd1 Rf7 42. g6 Re7 43. Rf1 Be5 44. Kg5 b6 45. h5 Bxc3 46. h6+ Kg8
47. bxc3 c5 48. h7+ Kg7 49. Rf7+ Rxf7 50. gxf7 Kxh7 51. Kf6 c4 52. f8=Q b5 53.
Qg7# 1-0

[Event "CYCC U12 w"]
[Site "Quebec CAN"]
[Date "2018.07.03"]
[Round "4.100"]
[White "Liao, Yilin"]
[Black "Li, Mengbai"]
[Result "1-0"]
[WhiteElo "1346"]
[BlackElo "794"]
[PlyCount "127"]
[EventDate "2018.07.02"]
[EventType "swiss"]
[EventRounds "7"]
[EventCountry "CAN"]

1. e4 e5 2. Nf3 Nc6 3. Bc4 Bc5 4. c3 Nf6 5. d3 O-O 6. Bg5 h6 7. Bh4 d6 8. h3
Be6 9. Bb5 a6 10. Ba4 b5 11. Bc2 Re8 12. d4 a5 13. dxc5 dxc5 14. Qxd8 Raxd8 15.
Bxf6 gxf6 16. O-O Bc4 17. Rd1 Rxd1+ 18. Bxd1 Rd8 19. Nbd2 Be6 20. Bb3 c4 21.
Bc2 Kh8 22. Rd1 Rg8 23. Kh1 Ne7 24. Nh4 Bd7 25. Nf5 Nxf5 26. exf5 Bc6 27. Be4
Bd7 28. Bd5 Rg5 29. Be4 Bxf5 30. Bxf5 Rxf5 31. Nf3 e4 32. Nd4 Rxf2 33. Nxb5
Rxb2 34. Nxc7 Rxa2 35. Re1 Ra3 36. Nd5 f5 37. Rf1 Ra2 38. Rxf5 a4 39. Rxf7 Kg8
40. Rf1 Rd2 41. Nf6+ Kg7 42. Nxe4 Re2 43. Ng3 Re3 44. Nf5+ Kg6 45. Nxe3 a3 46.
Nxc4 a2 47. Ra1 Kf5 48. Rxa2 Ke4 49. Rd2 h5 50. Kh2 h4 51. g4 hxg3+ 52. Kxg3
Kf5 53. Rd4 Ke6 54. Kf4 Kf6 55. Rd6+ Ke7 56. Ke5 Kf7 57. Re6 Kg7 58. Rf6 Kh7
59. Kf5 Kg7 60. Kg5 Kh7 61. Rf7+ Kh8 62. Kh6 Kg8 63. Rf6 Kh8 64. Rf8# 1-0

[Event "CYCC U12 w"]
[Site "Quebec CAN"]
[Date "2018.07.03"]
[Round "4.101"]
[White "Pobereshnikova, Faina"]
[Black "Vozian, Emilia"]
[Result "1-0"]
[WhiteElo "1009"]
[BlackElo "1045"]
[PlyCount "137"]
[EventDate "2018.07.02"]
[EventType "swiss"]
[EventRounds "7"]
[EventCountry "CAN"]

1. e4 e5 2. Bc4 Nf6 3. d3 d5 4. exd5 Nxd5 5. Nf3 Nc6 6. O-O Bc5 7. h3 Qd6 8.
Nh4 O-O 9. Nd2 Nf4 10. Ne4 Qh6 11. Bxf4 exf4 12. Nf3 Bb6 13. Nfg5 Ne5 14. Bb3
Bf5 15. Nf3 Nxf3+ 16. Qxf3 Rae8 17. Rae1 Bg6 18. Qd1 Bh5 19. Qd2 Qg6 20. Qxf4
h6 21. Ng3 Bc5 22. Nxh5 Rxe1 23. Rxe1 Qxh5 24. Qxc7 Qh4 25. Qxc5 b6 26. Qc7 Qf6
27. Qxa7 Kh8 28. c4 g6 29. c5 bxc5 30. Qxc5 Kg7 31. Ra1 Qxb2 32. Re1 Qd2 33.
Qe3 Qc3 34. Qe5+ Qxe5 35. Rxe5 f6 36. Re7+ Kh8 37. a4 Ra8 38. Rd7 g5 39. d4 h5
40. d5 g4 41. h4 Rb8 42. Bc2 Rc8 43. Bg6 Ra8 44. d6 Rxa4 45. Rh7+ Kg8 46. d7
Ra1+ 47. Kh2 g3+ 48. fxg3 Ra8 49. Rxh5 Rd8 50. Rd5 Kf8 51. h5 Ke7 52. h6 Rxd7
53. Rxd7+ Kxd7 54. h7 Kd6 55. h8=Q Kd5 56. Qh4 Ke5 57. Qc4 f5 58. Bxf5 Kxf5 59.
g4+ Ke5 60. Qf7 Kd4 61. g5 Ke5 62. g6 Kd4 63. g7 Ke5 64. g8=Q Kd4 65. Qd8+ Ke4
66. Qfe7+ Kf4 67. Qdf8+ Kg4 68. Qeg7+ Kh4 69. Qfh8# 1-0